000 00578nam a2200229Ia 4500
003 OSt
005 20220924113145.0
006 a|||||r|||| 00| 0
007 ta
008 220923b |||||||| |||| 00| 0 eng d
024 _a135776
037 _cDictionary
040 _aARTS
_cARTS
_beng
041 _2eng
_aeng
082 _aW81k, L3 (RR)
100 _aHyams Edward
_952933
245 0 _aDictonary of modern revolution
260 _c1973
650 _aPOLITICAL SCIENCE
942 _hW81k, L3 (RR)
_cdic
_2cc
999 _c389390
_d389390